Proceedings : cross-cultural education in AEC 2015 : (Record no. 4969)

MARC details
000 -LEADER
fixed length control field 00796nam a22001817a 4500
003 - CONTROL NUMBER IDENTIFIER
control field OSt
005 - DATE AND TIME OF LATEST TRANSACTION
control field 20251021044103.0
008 - FIXED-LENGTH DATA ELEMENTS--GENERAL INFORMATION
fixed length control field 251021b |||||||| |||| 00| 0 eng d
020 ## - INTERNATIONAL STANDARD BOOK NUMBER
International Standard Book Number 2408-3275
040 ## - CATALOGING SOURCE
Original cataloging agency DWC-Main Lib.
Transcribing agency OC
082 ## - DEWEY DECIMAL CLASSIFICATION NUMBER
Classification number Fil. 378.5 P963 2014
245 ## - TITLE STATEMENT
Title Proceedings : cross-cultural education in AEC 2015 :
Remainder of title realizing possibilities, defining foundations (The 14th Annual SEAAIR/
260 ## - PUBLICATION, DISTRIBUTION, ETC.
Place of publication, distribution, etc. Legazpi City, Philippines :
Name of publisher, distributor, etc. SEAAIR/AUL,
Date of publication, distribution, etc. c2014.
300 ## - PHYSICAL DESCRIPTION
Extent xvi, 503 pages ;
Dimensions 27 cm.
650 ## - SUBJECT ADDED ENTRY--TOPICAL TERM
Topical term or geographic name entry element 1. Multicultural education--Congresses.
650 ## - SUBJECT ADDED ENTRY--TOPICAL TERM
Topical term or geographic name entry element 2. 2. Education, Higher--Asia--Cross-cultural studies--Congresses. I. South East Asian Association for Institutional Research. II. Aquinas University of Legazpi. III. Title.
942 ## - ADDED ENTRY ELEMENTS (KOHA)
Source of classification or shelving scheme Dewey Decimal Classification
Koha item type Book-Filipiniana
Classification part Fil.
Suppress in OPAC No
952 ## - LOCATION AND ITEM INFORMATION (KOHA)
--
Holdings
Withdrawn status Lost status Source of classification or shelving scheme Damaged status Not for loan Home library Current library Shelving location Date acquired Source of acquisition Total Checkouts Full call number Barcode Date last seen Copy number Price effective from Koha item type Uniform Resource Identifier
    Dewey Decimal Classification     College Library College Library Filipiniana 01/15/2015 Donation   Fil. 378.5 P963 2014 CL50957 10/21/2025 c1 10/21/2025 BK - FIL